00686 2200229 4500001002100000005001700021008004100038035002400079041000800103043001200111082001400123090002300137245008700160260005700247300002800304504001700332650003800349700001500387850001200402999002100414999002100435YOGYA-0511000000135820110523201551.0 ind  0010-051100000001357 aInd aYOPDYOG a390.95982 aDEP 390.95982bTat aTata krama suku bangsa madurabtim penulis HJ Wibowo [et al]cpenyunting HJ Wibowo aYogyakartabBalai Kajian dan Nilai Tradisionalc2002 ax, 139 hlmbilusc24 cm aHlm. 109-111 aTata krama dan kebiasaan - madura aWibowo, HJ aYOPDYOG aCB-D.11 2002-505 aCB-D.11 2002-506